| 000 | 00773nam a2200241 i 4500 | ||
|---|---|---|---|
| 001 | 10161 | ||
| 003 | ES-MaACL | ||
| 005 | 20250820215336.0 | ||
| 007 | t| | ||
| 008 | 950313s1994 sp ||||1| spa d | ||
| 020 | _a84-7030-349-X | ||
| 080 | _a86-311.5"18/19" | ||
| 080 | _a86(Domenchina,J.J.7 T.01) | ||
| 100 | 1 |
_aDomenchina, Juan José, _d1898-1959 _945067 _eaut |
|
| 245 | 1 | 3 |
_aLa túnica de Neso / _cJuan José Domenchina ; prólogo de Enrique García Fuentes. |
| 260 |
_aMadrid : _bBiblioteca Nueva, _c1994. |
||
| 300 |
_aLXXXIII, 349 p. ; _c20 cm. |
||
| 700 | 1 |
_aGarcía Fuentes, Enrique _eaui _954625 |
|
| 852 |
_aES-MaACL _jL-17712 _bR.123286 _cDEPO2 |
||
| 942 |
_2udc _cMONOGRAFIA _n0 |
||
| 999 |
_c10161 _d10161 |
||